000 00776nam a2200277Ia 4500
003 OSt
005 20221006144136.0
006 a|||||r|||| 00| 0
007 ta
008 221006b |||||||| |||| 00| 0 eng d
020 _a023106022x
_c472.00
024 _a10,982
037 _cTextual
040 _aEASL
_cEASL
_beng
041 _2eng
_aeng
082 _aQ8412.K20, M6
100 _aChien Edward T
_9650953
245 0 _aChiao Hung and the restructuring of Neo-Confucianism in the late Ming
260 _aNew York
_bColumbia University Press
_c1986
300 _ax, 367p.
_ccm.
490 _v CEL
650 _a CEL
650 _aNeo-Confucianism
_9648959
942 _hQ8412.K20, M6
_cTEXL
_2CC
999 _c1079068
_d1079068